| 000 | 00463nam a2200193Ia 4500 | ||
|---|---|---|---|
| 008 | 170918s9999 xx 000 0 und d | ||
| 020 | _a9780439813785 | ||
| 050 | _bS469 2007 | ||
| 100 | _aSelznick, Brian | ||
| 245 | 4 | _aThe inventions of Hugo Cabret / | |
| 245 | _cBrian Selznick. | ||
| 260 | _aNew York : | ||
| 260 | _bScholastic, | ||
| 260 | _c2007 | ||
| 300 | _a533 pages : | ||
| 300 | _bcolored illustration ; | ||
| 300 | _c22cm. | ||
| 500 | _a820 | ||
| 999 |
_c342126 _d342126 |
||